Afectividad y emociones : (Registro nro. 49833)
[ vista simple ]
| 000 -LEADER | |
|---|---|
| fixed length control field | 01147cam a2200313 c 4500 |
| 001 - CONTROL NUMBER | |
| control field | 49833 |
| 003 - CONTROL NUMBER IDENTIFIER | |
| control field | Mx-PuUPA |
| 005 - DATE AND TIME OF LATEST TRANSACTION | |
| control field | 20260514104746.0 |
| 008 - FIXED-LENGTH DATA ELEMENTS--GENERAL INFORMATION | |
| fixed length control field | 140415s2024 mx gr 000 0 spa d |
| 020 ## - INTERNATIONAL STANDARD BOOK NUMBER | |
| International Standard Book Number | 9788411837514 |
| Qualifying information | Tirant lo Blanch |
| 020 ## - INTERNATIONAL STANDARD BOOK NUMBER | |
| International Standard Book Number | 9786076999363 |
| Qualifying information | UPAEP |
| 040 ## - CATALOGING SOURCE | |
| Transcribing agency | Mx-PuUPA |
| Original cataloging agency | Mx-PuUPA |
| Language of cataloging | spa |
| Modifying agency | Mx-PuUPA |
| Description conventions | rda |
| 041 0# - LANGUAGE CODE | |
| Language code of text/sound track or separate title | spa |
| 245 00 - TITLE STATEMENT | |
| Title | Afectividad y emociones : |
| Remainder of title | aportes selectos desde la filosofía con apertura interdisciplinar / |
| Statement of responsibility, etc. | Livia Bastos Andrade, editora |
| 264 #1 - PRODUCTION, PUBLICATION, DISTRIBUTION, MANUFACTURE, AND COPYRIGHT NOTICE | |
| Place of production, publication, distribution, manufacture | Puebla, México : |
| Name of producer, publisher, distributor, manufacturer | Universidad Popular Autónoma del Estado de Puebla : Tirant Humanidades, |
| Date of production, publication, distribution, manufacture, or copyright notice | ©2024 |
| 300 ## - PHYSICAL DESCRIPTION | |
| Extent | 199 páginas ; |
| Dimensions | 22 cm |
| 336 ## - CONTENT TYPE | |
| Fuente | rdacontent |
| Content type term | texto |
| Content type code | txt |
| 337 ## - MEDIA TYPE | |
| Source | rdamedia |
| Media type term | sin medio |
| Media type code | n |
| 338 ## - CARRIER TYPE | |
| Source | rdacarrier |
| Carrier type term | volumen |
| Carrier type code | nc |
| 650 #7 - SUBJECT ADDED ENTRY--TOPICAL TERM | |
| Source of heading or term | armarc |
| Topical term or geographic name entry element | Afecto (Psicología) |
| 650 #7 - SUBJECT ADDED ENTRY--TOPICAL TERM | |
| Source of heading or term | armarc |
| Topical term or geographic name entry element | Emociones |
| 650 #7 - SUBJECT ADDED ENTRY--TOPICAL TERM | |
| Source of heading or term | armarc |
| Topical term or geographic name entry element | Psicología |
| 650 #7 - SUBJECT ADDED ENTRY--TOPICAL TERM | |
| Source of heading or term | armarc |
| Topical term or geographic name entry element | Emociones |
| General subdivision | Filosofía |
| 700 1# - ADDED ENTRY--PERSONAL NAME | |
| Personal name | Bastos Andrade, Livia, |
| Relator term | editor |
| 942 ## - ADDED ENTRY ELEMENTS (KOHA) | |
| Source of classification or shelving scheme | Dewey Decimal Classification |
| Koha item type | Libro |
| Classification part | 152.401 |
| Item part | A25 |
| Withdrawn status | Lost status | Source of classification or shelving scheme | Damaged status | Not for loan | Collection code | Home library | Current library | Shelving location | Date acquired | Source of acquisition | Total Checkouts | Full call number | Barcode | Copy number | Price effective from | Koha item type |
|---|---|---|---|---|---|---|---|---|---|---|---|---|---|---|---|---|
| Dewey Decimal Classification | General | Biblioteca Karol Wojtyla | Biblioteca Karol Wojtyla | Sala general | 03/12/2013 | Donación | 152.401 A25 2024 | 064164 | Ej.2 | 03/12/2013 | Libro | |||||
| Dewey Decimal Classification | Consulta en sala | UPAEP | Biblioteca Karol Wojtyla | Biblioteca Karol Wojtyla | Sala "Colecciones Especiales" | 03/12/2013 | Donación | 152.401 A25 2024 | 045749 | 03/12/2013 | Libro |